ا نيسو ين صد ی مين ا ر د و ز با ن (Record no. 87696)

MARC details
000 -LEADER
fixed length control field 01107nam a22002537a 4500
005 - DATE AND TIME OF LATEST TRANSACTION
control field 20141216112307.0
008 - FIXED-LENGTH DATA ELEMENTS--GENERAL INFORMATION
fixed length control field 140714b xxu||||| |||| 00| 0 Urdu d
010 ## - LCCN (DPL NO)
LC control number UR-228 B-548237
020 ## - INTERNATIONAL STANDARD BOOK NUMBER
Terms of availability 350.00
International Standard Book Number 9788192190846
035 ## - SYSTEM CONTROL NUMBER
System control number U-228 B-548237
037 ## - SOURCE OF ACQUISITION
Source of stock number/acquisition BPPD/Publishers/Venders
037 ## - SOURCE OF ACQUISITION
Source of stock number/acquisition Star Publications(Vend.)/Adabistan Pub.(Pub.)
040 ## - CATALOGING SOURCE
Original cataloging agency DPL
Language of cataloging Urdu
082 ## - DEWEY DECIMAL CLASSIFICATION NUMBER
Classification number 440
100 ## - MAIN ENTRY--PERSONAL NAME
Personal name نا ہيد فا طمہ
245 ## - TITLE STATEMENT
Title ا نيسو ين صد ی مين ا ر د و ز با ن
Statement of responsibility, etc نا ہيد فا طمہ
246 ## - VARYING FORM OF TITLE
Title proper/short title Unniswin Sadi men urdu Zaban
Remainder of title byNahid Fatma
260 ## - PUBLICATION, DISTRIBUTION, ETC. (IMPRINT)
Name of publisher, distributor, etc Adabistan Publications
-- Star Publications.( Vender)
Date of publication, distribution, etc 2012
260 ## - PUBLICATION, DISTRIBUTION, ETC. (IMPRINT)
Place of publication, distribution, etc 4/5Asaf Ali Road,New Delhi-110002
270 ## - ADDRESS
Address A-170,گر ا ؤ نڈ فلو ر سو ر يہ ا پا ر ٹمينٹ،د لشا د کا لو نی
City دھلی
Postal code 110095
Telephone number 9899706640
300 ## - PHYSICAL DESCRIPTION
Extent 354ص
Dimensions 22Cm(Pb)
942 ## - ADDED ENTRY ELEMENTS (KOHA)
Source of classification or shelving scheme Dewey Decimal Classification
Item type Urdu Bks
Call number suffix ن ا ہ
Classification part 440
Holdings
Withdrawn status Lost status Source of classification or shelving scheme Damaged status Not for loan Collection code Home library Current library Date acquired Source of acquisition Cost, normal purchase price Total Checkouts Full call number Barcode Date last seen Copy number Cost, replacement price Koha item type
    Dewey Decimal Classification     Non-fiction Central Library Central Library 16/12/2014 BPPD/UR/2014-15/127/1.8.14/SP/3597/6.8.14/2.9.14 350.00 1 440 ن ا ہ B-548237 18/08/2020 1 350.00 Urdu Bks

© Delhi Public Library
Hit Counter
free hit counter